1550 1292 1003 1349 1924 1187 1661 1507 1170 1747 1003 1229 1763 1247 1060 1452 1436 1546 1617 1607 1988 1088 1855 1543 1707 1232 1982 1700 1341 1402 1456 1011 1598 1331 1453 1755 1733 1089 1438 1612 1923 1854 1306 1649 1501 1048 1904 1849 1617 1717 1118 1511 1314 1438 1233 1896 1894 1060 1303 1847 1759 1761 1956 1165 1790 1643 1352 1758 1755 1417 1246 1144 1062 1340 1914 1170 1082 1336 1541 1610 1382 1237 1406 1401 1192 1150 1131 1577 1500 1560 1104 1086 1661 1224 1924 1532 1086 1040 1765 BCNSPRNW ULIB Ver.6.0+V

เปลี่ยนเป็นภาษาไทย

Change to English
 แสดงรายละเอียดบรรณานุกรม
  กลับหน้าหลัก

Brief Record : Get Marc (ISO 2709) : E-mail record : QR code < ปิดหน้าต่าง
LEADER : 00000nam 2200000uu 4500
001    13399126368
003     ULIB
008    180911s2560||||th 000 0 tha d
020    ^a9786169262435
060    ^aWO275 ต221
100    ^aมานี รักษาเกียรติศักดิ์ และคนอื่นๆ, [บรรณาธิการ]
245    ^aตำราวิสัญญีพื้นฐานและหน่วยงานปฏิบัติ = Basic anesthesia and procedural units
260    ^aกรุงเทพฯ :^bสำนักพิมพ์ศิริราช คณะแพทยศาสตร์ศิริราชพยาบาลมหาวิทยาลัยมหิดล,^c2560
300    ^a498 หน้า :^bภาพประกอบ, ตาราง ;^c21 ซม.
650    ^aวิสัญญีวิทยา
650    ^aยาระงับความรู้สึก
710    ^aมหาวิทยาลัยมหิดล. คณะแพทยศาสตร์ศิริราชพยาบาล
945    ^p300^l0^i26603
945    ^p300^l0^i26604
999    ^aกัณชพร จุลอักษร
รายการนี้ยังไม่มีแท็ก
คุณยังไม่ได้ล็อกอิน คุณสามารถมีกิจกรรมร่วมกับเว็บไซต์ได้ แต่ต้องล็อกอินก่อน ::
  ล็อกอิน

รายการสื่อสารสนเทศ

ลำดับที่ ประเภท เลขเรียก/บาร์โค้ด สถานที่ สถานะ
1. หนังสือสำรอง
หนังสือสำรอง
WO275 ต221 ฉ.1 
  Barcode: 26603
ห้องสมุดวิทยาเขตนครสวรรค์
►หนังสือทั่วไป:l:General Books
บนชั้น
2. วิทยาศาสตร์การแพทย์ และสุขภาพ
วิทยาศาสตร์การแพทย์ และสุขภาพ
WO275 ต221 ฉ.2 
  Barcode: 26604
ห้องสมุดวิทยาเขตนครสวรรค์
►หนังสือทั่วไป:l:General Books
บนชั้น

รายการใกล้เคียง
    ชื่อเรื่อง [ตำราวิสัญญีพื้นฐานและหน่วยงานปฏิบัติ = Basic anesthesia and procedural units]

    ผู้แต่ง [มานี รักษาเกียรติศักดิ์ และคนอื่นๆ, [บรรณาธิการ]]

    หัวเรื่อง [วิสัญญีวิทยา]
    หัวเรื่อง [ยาระงับความรู้สึก]

BibComment


ยังไม่เคยถูกคอมเมนท์

คอมเมนท์ทรัพยากรรายการนี้
  คอมเมนท์: ตำราวิสัญญีพื้นฐ..


 Copyright 2026. Bcnsprnw @Library